01175nam a2200205Ia 4500952010900000999001700109008004100126020001500167050002100182100005000203245007400253250001800327260003600345300003600381500011800417505034500535519004700880650003500927942000700962 00104070a11b11d2007-01-08l2oHF5500 F73 2004p11 001337r2017-08-24s2017-08-24t1w2012-06-26yLB c69154d69154120626s2004 mx a 000 0 spa d a9701039440 aHF5500bF73 2004 aFranklin Fincowsky, Enrique Benjamíneautor aOrganización de empresas c/ Enrique Benjamín, Franklin Fincowsky a2a. edición aMéxicob: McGraw Hillc, 2004 a369 páginasb: ilustraciones  aIncluye: Contenido, Introducción, Preguntas y temas de análisis, Bibliografía, Glosario, Indice analítico aMetodología para el desarrollo de estudios organizacionales Manejo de formas en las organizaciones Organigramas: normas generales para su preparación Distribución del espacio en las áreas de trabajo Manuales administrativos Diagramación Reorganización administrativa Asistencia técnica y servicio de consultoría  aMaterial Complementario/ d(11 001337)  0aADMINISTRACION DE ORGANIZACION cLB